[Event "SC Hansa Dortmund 2 - Dortmunder SV 1"]
[Site "Regionalliga 2017/2018"]
[Date "2017.10.01"]
[Round "1.2"]
[White "Sundorf, Jannik"]
[Black "Wichtrup, Jan-Louis"]
[Result "1/2-1/2"]
[WhiteElo "2113"]
[BlackElo "1972"]
[PlyCount "68"]
[EventDate "2017.??.??"]

1. d4 d5 2. Nf3 Nf6 3. c4 e6 4. g3 Be7 5. Bg2 O-O 6. O-O dxc4 7. Qc2 a6 8. a4
Bd7 9. Qxc4 Bc6 10. Bg5 Nbd7 11. Nc3 h6 12. Bxf6 Nxf6 13. a5 Qd6 14. Ne5 Bxg2
15. Kxg2 Rfd8 16. e3 c5 17. Qxc5 Qxc5 18. dxc5 Bxc5 19. Na4 Rac8 20. Rfc1 Bb4
21. Rxc8 Rxc8 22. Nd3 Bd6 23. Nc3 Nd7 24. Rd1 Bc7 25. Ra1 Bd6 26. Rd1 Bc7 27.
Ra1 Be5 28. Na4 Rc2 29. Ra3 Rc4 30. Nb6 Rc7 31. Nxd7 Bd6 32. N7c5 Bxc5 33. Nxc5
Rxc5 34. Rb3 Rxa5 1/2-1/2

[Event "SC Hansa Dortmund 2 - Dortmunder SV 1"]
[Site "Regionalliga 2017/2018"]
[Date "2017.10.01"]
[Round "1.3"]
[White "Wittmann, Rainer"]
[Black "Berndt, Joachim"]
[Result "1/2-1/2"]
[WhiteElo "1981"]
[BlackElo "2040"]
[PlyCount "47"]
[EventDate "2017.??.??"]

1. e4 Nc6 2. Nf3 d5 3. exd5 Qxd5 4. Nc3 Qa5 5. Bc4 Bg4 6. h3 Qh5 7. Be2 Bxf3 8.
Bxf3 Qe5+ 9. Qe2 Qxe2+ 10. Nxe2 O-O-O 11. Bxc6 bxc6 12. d3 e6 13. Be3 c5 14.
Nc3 f5 15. Na4 Rd5 16. Ke2 f4 17. Bd2 Nf6 18. Nc3 Rf5 19. Rhe1 f3+ 20. Kf1
fxg2+ 21. Kxg2 Kd7 22. Re2 Bd6 23. Rae1 Re8 24. Ne4 1/2-1/2

[Event "SC Hansa Dortmund 2 - Dortmunder SV 1"]
[Site "Regionalliga 2017/2018"]
[Date "2017.10.01"]
[Round "1.4"]
[White "Schiefelbusch, Dirk"]
[Black "Huettemann, Karl-Heinz"]
[Result "1/2-1/2"]
[WhiteElo "2030"]
[BlackElo "2035"]
[PlyCount "30"]
[EventDate "2017.??.??"]

1. d4 d5 2. Nf3 Nf6 3. Bg5 e6 4. e3 c5 5. c3 Qb6 6. Qb3 c4 7. Qc2 Ne4 8. Bf4 f5
9. Nbd2 Nd7 10. b3 cxb3 11. axb3 Be7 12. Bd3 g5 13. Bxe4 gxf4 14. Bd3 fxe3 15.
fxe3 Nf6 1/2-1/2

[Event "SC Hansa Dortmund 2 - Dortmunder SV 1"]
[Site "Regionalliga 2017/2018"]
[Date "2017.10.01"]
[Round "1.5"]
[White "Brockmann, Fabian"]
[Black "Burchert, Wolfgang"]
[Result "1/2-1/2"]
[WhiteElo "1965"]
[BlackElo "2037"]
[PlyCount "33"]
[EventDate "2017.??.??"]

1. e4 c5 2. b3 e5 3. Bb2 d6 4. Bc4 Nf6 5. Nc3 Nc6 6. d3 Be7 7. Nge2 O-O 8. O-O
Nd4 9. f4 Ng4 10. Nd5 Nxe2+ 11. Qxe2 exf4 12. Rxf4 Ne5 13. Bxe5 dxe5 14. Nxe7+
Qxe7 15. Rf2 Be6 16. Bxe6 Qxe6 17. a4 1/2-1/2

[Event "SC Hansa Dortmund 2 - Dortmunder SV 1"]
[Site "Regionalliga 2017/2018"]
[Date "2017.10.01"]
[Round "1.6"]
[White "Linker, Walter"]
[Black "Wolff, Torsten"]
[Result "1/2-1/2"]
[WhiteElo "2027"]
[BlackElo "1892"]
[PlyCount "90"]
[EventDate "2017.??.??"]

1. f4 Nf6 2. b3 g6 3. Bb2 Bg7 4. Nf3 O-O 5. e3 b6 6. Be2 Bb7 7. O-O d6 8. Na3
Nbd7 9. Nc4 Rc8 10. a4 a6 11. Qe1 Ne8 12. Bxg7 Kxg7 13. d3 e6 14. e4 c5 15. Qg3
d5 16. Ncd2 Qc7 17. Qh3 Qxf4 18. Rf2 f5 19. exf5 exf5 20. Bf1 Nef6 21. g3 Qc7
22. Re2 Rfe8 23. Rae1 Rxe2 24. Rxe2 Re8 25. Rxe8 Nxe8 26. Ng5 Nf8 27. Qh4 Qe7
28. Qf4 Qd6 29. Qf2 Nf6 30. h3 h6 31. Ngf3 N8d7 32. Bg2 b5 33. axb5 axb5 34.
Nh4 Qe6 35. Nf1 Bc6 36. Qf4 d4 37. Qc7 Bxg2 38. Nxg2 g5 39. Qb7 Qe2 40. Qxb5
Ne5 41. Qb7+ Kg6 42. Nh2 Qd1+ 43. Nf1 Nf3+ 44. Kf2 Nd2 45. Ne1 h5 1/2-1/2

[Event "SC Hansa Dortmund 2 - Dortmunder SV 1"]
[Site "Regionalliga 2017/2018"]
[Date "2017.10.01"]
[Round "1.7"]
[White "Kantor, Daniel"]
[Black "Krueger, Simon"]
[Result "1/2-1/2"]
[WhiteElo "1857"]
[BlackElo "1966"]
[Annotator "Daniel"]
[PlyCount "121"]
[EventDate "2017.??.??"]

1. e4 e6 2. d4 d5 3. exd5 exd5 4. Nf3 Be7 5. Bd3 Bg4 6. Bf4 Nf6 7. Nbd2 O-O 8.
O-O c6 9. c3 Bh5 10. Qb3 Qb6 11. Qxb6 axb6 12. Rfe1 Re8 13. Nh4 Bf8 14. Rxe8
Nxe8 15. Re1 Nd7 16. a3 Ndf6 17. Nf5 Bg6 18. Nf3 Bxf5 19. Bxf5 Nd6 20. Bd3 Nc4
21. Re2 Ne8 22. Ne5 b5 23. Nxc4 bxc4 24. Bc2 g6 25. f3 f6 26. h3 Kf7 27. Kf2
Ng7 28. g4 Ra6 29. h4 Rb6 30. Bc7 Ra6 31. Bf4 Ne6 32. Bc1 c5 33. dxc5 Bxc5+ 34.
Be3 d4 35. cxd4 Bxd4 36. Bxd4 Nxd4 37. Rd2 Nxc2 38. Rxc2 b5 39. Ke3 Ke6 $11 40.
Kd4 Kd6 41. Re2 Ra8 42. f4 Rc8 43. f5 c3 44. Re6+ Kd7 45. bxc3 Rc4+ 46. Kd5
Rxg4 47. Rxf6 Rxh4 48. fxg6 hxg6 49. Rxg6 Rc4 50. Rg7+ Kc8 51. Rg3 Kc7 52. a4
Kb6 53. axb5 Rc5+ 54. Kd4 Kxb5 $11 55. Rg1 Rc4+ 56. Kd3 Rh4 57. Rg5+ Kc6 58.
Kc2 Rh2+ 59. Kb3 Rh4 60. c4 Rh1 61. Kc3 1/2-1/2

[Event "SC Hansa Dortmund 2 - Dortmunder SV 1"]
[Site "Regionalliga 2017/2018"]
[Date "2017.10.01"]
[Round "1.8"]
[White "Zelt, Jens"]
[Black "Herrmann, Christoph"]
[Result "1-0"]
[WhiteElo "2033"]
[BlackElo "1860"]
[Annotator "Daniel"]
[PlyCount "97"]
[EventDate "2017.??.??"]

1. d4 Nf6 2. Nf3 g6 3. c3 Bg7 4. h3 O-O 5. Bf4 d6 6. e3 Nbd7 7. Be2 Qe8 8. O-O
c6 9. Nbd2 e5 10. dxe5 dxe5 11. Bh2 e4 12. Nd4 Qe7 13. Nc4 Ne8 14. Qc2 Nb6 15.
Rfd1 Nxc4 16. Bxc4 Be5 17. Rd2 Bxh2+ 18. Kxh2 Nd6 19. Bf1 Qe5+ 20. Kh1 c5 21.
Nb5 Nxb5 22. Bxb5 Be6 23. Rad1 Rac8 24. Bd7 Rc7 25. Bxe6 Qxe6 26. c4 b6 27. Rd6
Qe7 28. Qa4 Rfc8 29. Kg1 Qe8 30. Qc2 f5 31. Qc3 Qe7 32. R1d5 Re8 33. Qd2 Qf7
34. b3 Rce7 35. h4 h5 36. g3 Kh7 37. Kg2 Re6 38. a3 Rxd6 39. Rxd6 Re7 40. Rd8
Re8 $11 41. Rd5 Re7 42. b4 cxb4 43. axb4 Rc7 44. c5 bxc5 45. bxc5 Qe6 46. Qd4
Qe7 47. c6 Rxc6 48. Rd7 Re6 49. Qxa7 1-0

[Event "SK Sodingen/Castrop 1 - Weiße Dame Borb"]
[Site "Regionalliga 2017/2018"]
[Date "2017.10.01"]
[Round "1"]
[White "Loyen, Egbert"]
[Black "Waldschmidt, Georg"]
[Result "1-0"]
[WhiteElo "2176"]
[BlackElo "2209"]
[PlyCount "83"]
[EventDate "2017.??.??"]

1. Nf3 d5 2. g3 Bg4 3. Bg2 c6 4. O-O Nd7 5. c4 Ngf6 6. cxd5 cxd5 7. Nc3 e5 8.
d4 Bxf3 9. exf3 exd4 10. Qxd4 Be7 11. Nxd5 Nxd5 12. Qxd5 O-O 13. f4 Nc5 14. Be3
Qxd5 15. Bxd5 Rad8 16. Rfd1 Na4 17. Bxb7 Nxb2 18. Rd5 Rxd5 19. Bxd5 Rd8 20. Bb3
a5 21. Bb6 Ra8 22. Re1 Bb4 23. Re2 Nd3 24. Bd5 Rc8 25. f5 Rc1+ 26. Kg2 Re1 27.
Rxe1 Nxe1+ 28. Kf1 Nd3 29. Ke2 Nc5 30. Ke3 Kf8 31. Kd4 Na4 32. Ba7 Ke7 33. f4
Kf6 34. g4 h5 35. h3 hxg4 36. hxg4 Nc3 37. Bc4 Nd1 38. Ke4 Ke7 39. Bd4 f6 40.
Kd3 Be1 41. Ke2 Bc3 42. Bc5+ 1-0

[Event "SK Sodingen/Castrop 1 - Weiße Dame Borb"]
[Site "Regionalliga 2017/2018"]
[Date "2017.10.01"]
[Round "1"]
[White "Böhnke, Martin"]
[Black "Hillenbrand, Michael"]
[Result "1/2-1/2"]
[WhiteElo "2118"]
[BlackElo "2101"]
[PlyCount "47"]
[EventDate "2017.??.??"]

1. d4 g6 2. Nf3 Bg7 3. g3 b6 4. Bg2 Bb7 5. O-O Nf6 6. c4 O-O 7. Nc3 d6 8. Qc2
Nbd7 9. b3 c5 10. Bb2 cxd4 11. Nxd4 Bxg2 12. Kxg2 Rc8 13. e4 Nc5 14. Rad1 Qd7
15. Rfe1 Ne6 16. Nd5 Ng5 17. Nxf6+ Bxf6 18. Qe2 Qh3+ 19. Kg1 Rc5 20. f4 Ne6 21.
Nxe6 Qxe6 22. Bxf6 Qxf6 23. Rd5 Rfc8 24. Red1 1/2-1/2

[Event "SK Sodingen/Castrop 1 - Weiße Dame Borb"]
[Site "Regionalliga 2017/2018"]
[Date "2017.10.01"]
[Round "1"]
[White "Klasmeier, Jens"]
[Black "Werrn, Pascal"]
[Result "1-0"]
[WhiteElo "2095"]
[BlackElo "2068"]
[PlyCount "113"]
[EventDate "2017.??.??"]

1. d4 Nf6 2. Bg5 Ne4 3. Bf4 c5 4. f3 Nf6 5. dxc5 Na6 6. e4 Nxc5 7. e5 Ne6 8.
Bg3 Nh5 9. Qd2 Nxg3 10. hxg3 Qb6 11. c3 d6 12. Na3 Nc7 13. Nc4 Qc5 14. exd6
exd6 15. O-O-O d5 16. Ne3 Be7 17. Nxd5 Nxd5 18. Qxd5 Qxd5 19. Rxd5 O-O 20. Bd3
h6 21. Bf5 Bxf5 22. Rxf5 Rfe8 23. Rd5 Bf6 24. Nh3 a6 25. Rhd1 b5 26. Nf2 g6 27.
Ne4 Bg7 28. Rc5 f5 29. Nf2 Re7 30. Rcd5 Raa7 31. Kc2 Kf7 32. R1d2 Rab7 33. Nd3
a5 34. a3 Rb6 35. f4 Re3 36. a4 bxa4 37. Rxa5 Rd6 38. Rxa4 Rxg3 39. Ra7+ Kg8
40. Ra5 h5 41. c4 Rd4 42. b3 h4 43. Rd5 Re4 44. c5 Re6 45. Ne5 g5 46. Rd6 Re7
47. c6 gxf4 48. Nd3 f3 49. gxf3 Rxf3 50. b4 Rg3 51. b5 Re4 52. b6 Rc4+ 53. Kb3
Rc3+ 54. Kb4 Rg4+ 55. Kb5 Bf8 56. Rd8 Rc5+ 57. Nxc5 1-0

[Event "SK Sodingen/Castrop 1 - Weiße Dame Borb"]
[Site "Regionalliga 2017/2018"]
[Date "2017.10.01"]
[Round "1"]
[White "Hille, Ralph Ingo"]
[Black "Dewenter, Ulf"]
[Result "1/2-1/2"]
[WhiteElo "2061"]
[BlackElo "2120"]
[PlyCount "96"]
[EventDate "2017.??.??"]

1. b3 e5 2. Bb2 Nc6 3. e3 Nf6 4. Bb5 Bd6 5. Na3 Na5 6. Nf3 Qe7 7. Qc1 c6 8. Be2
O-O 9. c4 b6 10. Nc2 c5 11. d4 exd4 12. exd4 Re8 13. Qe3 Qxe3 14. Nxe3 cxd4 15.
Bxd4 Bb4+ 16. Kf1 Bb7 17. Bxf6 gxf6 18. Rd1 Rad8 19. h4 Bc5 20. Nd5 Bxd5 21.
Rxd5 Nc6 22. h5 Ne7 23. Rd3 d5 24. Rh4 dxc4 25. Rxc4 Rxd3 26. Bxd3 h6 27. b4
Bd6 28. Rd4 Rd8 29. b5 Bc7 30. Be4 Rxd4 31. Nxd4 Be5 32. Nf3 Kg7 33. Ke2 Bd6
34. g4 Bc5 35. Nd2 Nc8 36. Nb3 Bd6 37. Nd4 Ne7 38. f3 Be5 39. Nc2 Kf8 40. Kd3
Ke8 41. Kc4 Kd7 42. Ne3 Kd6 43. Nd5 Nxd5 44. Bxd5 Bb2 45. Bxf7 Ke5 46. Bg6 Bc1
47. Bf5 Bd2 48. Kd3 Bc1 1/2-1/2

[Event "SK Sodingen/Castrop 1 - Weiße Dame Borb"]
[Site "Regionalliga 2017/2018"]
[Date "2017.10.01"]
[Round "1"]
[White "Pötter, Clemens"]
[Black "Müller, Frank"]
[Result "0-1"]
[WhiteElo "1983"]
[BlackElo "2019"]
[PlyCount "80"]
[EventDate "2017.??.??"]

1. d4 Nf6 2. c4 g6 3. Nf3 Bg7 4. Nc3 d5 5. Bf4 O-O 6. e3 c5 7. dxc5 Qa5 8. Rc1
dxc4 9. Bxc4 Qxc5 10. Bb3 Nc6 11. O-O Bf5 12. Nd5 Qa5 13. Bc7 Qa6 14. Rxc6 bxc6
15. Nxe7+ Kh8 16. Nxf5 gxf5 17. Be5 c5 18. Qc2 Ne4 19. Bxg7+ Kxg7 20. Ne5 Rad8
21. Bc4 Qf6 22. Nd3 Qg5 23. Qc1 Rfe8 24. b3 Rd6 25. Re1 Red8 26. Qc2 Qf6 27.
Rc1 h6 28. h3 Kh7 29. a4 Rg8 30. Kh2 Qg7 31. Rg1 Ng5 32. Ne1 Qg6 33. Bd3 Rxd3
34. Qxd3 Nxh3 35. Rf1 Ng5 36. g3 Ne4 37. Nf3 Nxg3 38. Rg1 Qh5+ 39. Kg2 Ne4+ 40.
Kf1 Qxf3 0-1

[Event "SK Sodingen/Castrop 1 - Weiße Dame Borb"]
[Site "Regionalliga 2017/2018"]
[Date "2017.10.01"]
[Round "1"]
[White "Rohovoy, Dmitrij"]
[Black "Korste, Sebastian"]
[Result "1-0"]
[WhiteElo "1935"]
[BlackElo "1916"]
[PlyCount "83"]
[EventDate "2017.??.??"]

1. d4 Nf6 2. c4 e6 3. Nc3 Bb4 4. Qc2 O-O 5. Bf4 d6 6. Nf3 Nc6 7. e3 Qe8 8. Bg5
Bxc3+ 9. bxc3 Nd7 10. Bd3 h6 11. Bh4 e5 12. O-O Nb6 13. Bg3 Kh8 14. c5 dxc5 15.
Nxe5 Nxe5 16. Bxe5 cxd4 17. exd4 Qd8 18. Qd2 f6 19. Bf4 g5 20. Bg3 Be6 21. Qe2
Qd7 22. Rfe1 Rae8 23. Qh5 Qg7 24. Rac1 Bf7 25. Qf3 c6 26. Qf5 Rxe1+ 27. Rxe1
Re8 28. Rxe8+ Bxe8 29. c4 Bd7 30. Qa5 Qe7 31. h3 Nc8 32. Qc7 Be6 33. Qa5 h5 34.
h4 b6 35. Qd2 Bd7 36. hxg5 fxg5 37. Be5+ Kg8 38. Qe2 Bg4 39. Qe4 Qe6 40. Qh7+
Kf8 41. Bg6 Qg8 42. Qh6+ 1-0

[Event "SK Sodingen/Castrop 1 - Weiße Dame Borb"]
[Site "Regionalliga 2017/2018"]
[Date "2017.10.01"]
[Round "1"]
[White "Friedrich, Patrick"]
[Black "Becker, Jörg"]
[Result "0-1"]
[WhiteElo "1940"]
[BlackElo "2114"]
[PlyCount "60"]
[EventDate "2017.??.??"]

1. d4 Nf6 2. c4 e6 3. g3 c5 4. d5 exd5 5. cxd5 d6 6. Bg2 Be7 7. Nc3 O-O 8. Qc2
Bd7 9. e4 Na6 10. Nf3 Nb4 11. Qb1 Qc8 12. a3 Na6 13. O-O Ng4 14. Bf4 f6 15. Rc1
Ne5 16. Bxe5 fxe5 17. b4 Bg4 18. Qd3 cxb4 19. axb4 Nxb4 20. Qb5 Na6 21. Na4 Qd7
22. Qb3 b5 23. Nb2 Nb8 24. Nxe5 dxe5 25. Rc7 Qd6 26. Rac1 Bd8 27. R7c2 Bd7 28.
Nd3 Bb6 29. Nc5 Bxc5 30. Rxc5 a5 0-1

[Event "SK Sodingen/Castrop 1 - Weiße Dame Borb"]
[Site "Regionalliga 2017/2018"]
[Date "2017.10.01"]
[Round "1"]
[White "Ribbeheger, Edgar"]
[Black "Isdepski, Marcus"]
[Result "1-0"]
[WhiteElo "2015"]
[BlackElo "1872"]
[PlyCount "55"]
[EventDate "2017.??.??"]

1. d4 d5 2. c4 e6 3. Nf3 Nf6 4. Nc3 Be7 5. Bg5 O-O 6. e3 b6 7. cxd5 exd5 8. Bd3
Bb7 9. O-O Nbd7 10. Rc1 Re8 11. h3 Ne4 12. Bf4 Bd6 13. Bxd6 Nxd6 14. Nb5 Nxb5
15. Bxb5 Re6 16. Qa4 Nb8 17. Bd3 h6 18. b4 a6 19. Bb1 Nc6 20. Qb3 Rc8 21. Bf5
Rf6 22. Bxc8 Bxc8 23. Ne1 Bxh3 24. gxh3 Rg6+ 25. Kh2 Qg5 26. Qc3 Ne7 27. Qxc7
Nf5 28. Qf4 1-0

[Event "Oberhausener SV 2 - SV Horst-Emscher 1"]
[Site "Regionalliga 2017/2018"]
[Date "2017.10.01"]
[Round "1.1"]
[White "Aulich, Marcell"]
[Black "Nissen, Claus"]
[Result "0-1"]
[WhiteElo "2160"]
[BlackElo "2120"]
[PlyCount "92"]
[EventDate "2017.??.??"]

1. e4 e6 2. d4 d5 3. Nc3 Nf6 4. exd5 exd5 5. Bg5 Be7 6. Bd3 Bg4 7. Nge2 Bh5 8.
O-O c6 9. Qd2 O-O 10. Ng3 Bg6 11. Nf5 Bxf5 12. Bxf5 Nh5 13. Bxe7 Qxe7 14. f4 g6
15. Rae1 Qd6 16. Bg4 Nf6 17. Bh3 Nbd7 18. f5 Rae8 19. a3 Kg7 20. fxg6 hxg6 21.
Qf2 Nb6 22. b3 Rxe1 23. Qxe1 Re8 24. Qf2 Re7 25. a4 Ne4 26. Nxe4 dxe4 27. c4 e3
28. Qh4 e2 29. Re1 Qb4 30. Kf2 Re8 31. c5 Qd2 32. Kg1 Re4 33. Qf2 Nd5 34. g3
Nc3 35. Bg2 Nd1 36. Bxe4 Nxf2 37. Kxf2 Qxd4+ 38. Kf3 f5 39. Bb1 Qd1 40. Kf2 Kf6
41. Ba2 Qd4+ 42. Kf3 Qd5+ 43. Ke3 Qxc5+ 44. Kd2 Qd4+ 45. Kc2 Qe3 46. b4 b5 0-1

[Event "Oberhausener SV 2 - SV Horst-Emscher 1"]
[Site "Regionalliga 2017/2018"]
[Date "2017.10.01"]
[Round "1.2"]
[White "Joergens, Markus"]
[Black "Baerwolf, Steven"]
[Result "1-0"]
[WhiteElo "2004"]
[BlackElo "2175"]
[PlyCount "57"]
[EventDate "2017.??.??"]

1. d4 d6 2. Nf3 Nf6 3. c4 Nbd7 4. Nc3 e5 5. e4 Be7 6. Be2 O-O 7. O-O c6 8. Qc2
Re8 9. Rd1 Qc7 10. Bg5 Nf8 11. h3 Ne6 12. Be3 Nh5 13. Rac1 g6 14. c5 exd4 15.
cxd6 Bxd6 16. Nxd4 Nxd4 17. Bxd4 Nf4 18. Bf3 Qe7 19. e5 Bxe5 20. Bxe5 Qxe5 21.
Re1 Qxe1+ 22. Rxe1 Rxe1+ 23. Kh2 Re5 24. Qd2 Nd5 25. Qd4 Re1 26. Bxd5 cxd5 27.
Nxd5 Be6 28. Nf6+ Kg7 29. Ng4+ 1-0

[Event "Oberhausener SV 2 - SV Horst-Emscher 1"]
[Site "Regionalliga 2017/2018"]
[Date "2017.10.01"]
[Round "1.3"]
[White "Kroeger, Fabian"]
[Black "Matzat, Andre"]
[Result "1-0"]
[WhiteElo "2212"]
[BlackElo "2057"]
[Annotator "Daniel"]
[PlyCount "107"]
[EventDate "2017.??.??"]

1. e4 c5 2. Nf3 e6 3. d4 cxd4 4. Nxd4 a6 5. Bd3 Nf6 6. O-O Qc7 7. Qe2 d6 8. c4
g6 9. Nc3 Bg7 10. Rd1 O-O 11. Nf3 Nc6 12. Bf4 e5 13. Bg5 Bg4 14. Bxf6 Bxf6 15.
Nd5 Qd8 16. Qe3 Nd4 17. Nxd4 Bxd1 18. Nf5 gxf5 19. Rxd1 f4 20. Qh3 Re8 21. g3
Bg5 22. Qf5 Re6 23. h4 Bh6 24. Be2 fxg3 25. fxg3 Rg6 26. Kh2 Bf4 27. Nxf4 exf4
28. Qxf4 Qe7 29. Bg4 Qe5 30. Bf5 Qxf4 31. gxf4 Rh6 32. Kh3 Kf8 33. Rd3 b5 34.
cxb5 axb5 35. a3 Ra4 36. Kg4 Rc4 37. Kg5 Kg7 38. h5 Rc2 39. b4 Rh2 40. Bg4 Rf2
41. Bf3 Re6 42. f5 Re8 43. Kf4 Rc8 $11 44. Kg3 Rf1 45. Be2 Ra1 46. Rxd6 Rxa3+
47. Kf4 Rb3 48. h6+ Kf8 49. Rd7 Rxb4 50. Bh5 f6 51. Rxh7 Rc1 52. Rf7+ Kg8 53.
Bg6 Rf1+ 54. Ke3 1-0

[Event "Oberhausener SV 2 - SV Horst-Emscher 1"]
[Site "Regionalliga 2017/2018"]
[Date "2017.10.01"]
[Round "1.4"]
[White "Gerst, Michael"]
[Black "Ahling, Michael"]
[Result "0-1"]
[WhiteElo "2004"]
[BlackElo "2106"]
[Annotator "Daniel"]
[PlyCount "98"]
[EventDate "2017.??.??"]

1. d4 d5 2. c4 c6 3. Nf3 Nf6 4. Nc3 dxc4 5. a4 Bf5 6. e3 e6 7. Bxc4 Bb4 8. O-O
O-O 9. Qe2 Bg4 10. Rd1 Qa5 11. Bd2 Qh5 12. e4 a5 13. Bf4 Nbd7 14. h3 Bxf3 15.
Qxf3 Qxf3 16. gxf3 Rfe8 17. Bb3 e5 18. dxe5 Nxe5 19. Kg2 h6 20. Ne2 Ng6 21. Bg3
Rad8 22. Nd4 Nh5 23. Ne2 $11 Bd2 24. Bc7 Nh4+ 25. Kf1 Rd7 26. Ng1 Rxc7 27. Rxd2
g5 28. Rad1 Kg7 29. Rd7 Re7 30. Rxc7 Rxc7 31. Rd6 Nf4 32. Ke1 Nhg6 33. Kd2 Ne5
34. Ke3 Rd7 35. Rxd7 Nxd7 36. Ne2 Nxh3 37. Ng3 Kf6 38. Nf5 Nc5 39. Bc2 h5 40.
Kd4 Ne6+ 41. Ke3 Nhf4 42. Bb3 Nc5 43. Bc2 h4 44. Nh6 b5 45. axb5 cxb5 46. Ng4+
Ke7 47. Ne5 h3 48. Ng4 f6 49. Nh2 Nd7 0-1

[Event "Oberhausener SV 2 - SV Horst-Emscher 1"]
[Site "Regionalliga 2017/2018"]
[Date "2017.10.01"]
[Round "1.5"]
[White "Buschmann, Andreas"]
[Black "Limberg, Matthias"]
[Result "1/2-1/2"]
[WhiteElo "2010"]
[BlackElo "2055"]
[PlyCount "69"]
[EventDate "2017.??.??"]

1. d4 d5 2. c4 c6 3. Nc3 Nf6 4. Nf3 e6 5. e3 Nbd7 6. Bd3 Bd6 7. O-O O-O 8. e4
dxc4 9. Bxc4 e5 10. Bg5 exd4 11. Qxd4 Qe7 12. Rad1 Bc7 13. Rfe1 Ne5 14. Nxe5
Bxe5 15. Qe3 h6 16. Bh4 Be6 17. Bxe6 Qxe6 18. f4 Bxc3 19. bxc3 Rfe8 20. Bxf6
Qxf6 21. Rd7 Re7 22. Red1 Rae8 23. e5 Qf5 24. Rxe7 Rxe7 25. g3 b6 26. Qd4 Kh7
27. Rd2 Qb1+ 28. Kg2 Qe1 29. Qd3+ g6 30. Re2 Qc1 31. f5 Qg5 32. Qd6 gxf5 33.
Qxc6 Qg6 34. Qf3 Qe6 35. Kf2 1/2-1/2

[Event "Oberhausener SV 2 - SV Horst-Emscher 1"]
[Site "Regionalliga 2017/2018"]
[Date "2017.10.01"]
[Round "1.6"]
[White "Weyh, Thomas"]
[Black "Becker, Marco"]
[Result "1-0"]
[WhiteElo "1993"]
[BlackElo "2018"]
[PlyCount "106"]
[EventDate "2017.??.??"]

1. d4 d5 2. c4 e6 3. Nc3 Nf6 4. cxd5 exd5 5. Bg5 Be7 6. e3 c6 7. Bd3 Nbd7 8.
Nf3 h6 9. Bf4 O-O 10. h3 Re8 11. Qc2 Nf8 12. O-O Bd6 13. Bxd6 Qxd6 14. Rab1 b6
15. b4 Bb7 16. a4 Rac8 17. Rfe1 Rc7 18. Ne5 N6d7 19. f4 Nxe5 20. fxe5 Qe7 21.
Qf2 Rd8 22. Rf1 Rcd7 23. Qf4 Ne6 24. Qf5 g6 25. Qf6 Qxf6 26. Rxf6 Re7 27. a5 b5
28. g4 a6 29. Kh2 Nf8 30. Rbf1 Nh7 31. R6f2 Bc8 32. Kg3 Kg7 33. h4 Rf8 34. Ne2
g5 35. Bxh7 Kxh7 36. hxg5 hxg5 37. Rh2+ Kg7 38. Rfh1 Rg8 39. Rh7+ Kf8 40. Kf3
Be6 41. Ng3 f6 42. exf6 Rf7 43. Rxf7+ Bxf7 44. Rc1 Be8 45. e4 Kf7 46. e5 Rh8
47. Nh5 Bd7 48. Kg3 Kg6 49. Ng7 Rc8 50. e6 Be8 51. Nh5 c5 52. dxc5 d4 53. f7 d3
1-0

[Event "Oberhausener SV 2 - SV Horst-Emscher 1"]
[Site "Regionalliga 2017/2018"]
[Date "2017.10.01"]
[Round "1.7"]
[White "Goeldenboog, Juergen"]
[Black "Groß, Thomas"]
[Result "0-1"]
[WhiteElo "1821"]
[BlackElo "1948"]
[Annotator "Daniel"]
[PlyCount "66"]
[EventDate "2017.??.??"]

1. d4 d5 2. c4 c6 3. Nf3 Nf6 4. Nc3 a6 5. cxd5 cxd5 6. Bg5 Ne4 7. Bf4 Nc6 8.
Qb3 Nxc3 9. bxc3 e6 10. e3 Bd6 11. Bd3 O-O 12. O-O Bxf4 13. exf4 Qf6 14. g3 Rd8
15. a4 Rb8 16. a5 Bd7 17. Ne5 Be8 18. Rfb1 h6 19. Qb6 Rdc8 20. Ra3 g5 21. Ng4
Qe7 22. Qb2 gxf4 $11 23. Re1 Qg5 24. Qd2 Qxg4 25. h3 Qg5 26. Kh1 f3 27. Re3 e5
28. dxe5 Nxe5 29. Bb1 Qh5 30. h4 Qg4 31. Kg1 Qh3 32. Bh7+ Kg7 33. Rxf3 Nxf3#
0-1

[Event "Oberhausener SV 2 - SV Horst-Emscher 1"]
[Site "Regionalliga 2017/2018"]
[Date "2017.10.01"]
[Round "1.8"]
[White "Stefaniak, Christian"]
[Black "Jacubowski, Andreas"]
[Result "1/2-1/2"]
[WhiteElo "1920"]
[BlackElo "1877"]
[PlyCount "72"]
[EventDate "2017.??.??"]

1. e4 Nf6 2. e5 Nd5 3. c4 Nb6 4. c5 Nd5 5. Nc3 e6 6. d4 Nxc3 7. bxc3 d6 8. cxd6
cxd6 9. exd6 Bxd6 10. Bd3 Qc7 11. Bd2 Nd7 12. Nf3 b6 13. O-O Bb7 14. h3 h6 15.
Re1 O-O 16. Qe2 Bf4 17. Bxf4 Qxf4 18. Be4 Bxe4 19. Qxe4 Qxe4 20. Rxe4 Rac8 21.
Rc1 Rc7 22. c4 Rfc8 23. Nd2 Nf6 24. Re3 Ne8 25. Rec3 Nd6 26. a4 Kf8 27. Kf1 Ke7
28. Ke2 Nb7 29. Nb3 f6 30. f4 Kd6 31. Kf2 e5 32. dxe5+ fxe5 33. fxe5+ Kxe5 34.
Ke3 Nc5 35. Nxc5 Rxc5 36. Kd3 Ra5 1/2-1/2

[Event "SV Ahlen 1 - SV Königsspringer Hamm 1"]
[Site "Regionalliga 2017/2018"]
[Date "2017.10.01"]
[Round "1.1"]
[White "Happel, Heiner"]
[Black "Steinle, Carsten"]
[Result "0-1"]
[WhiteElo "2171"]
[BlackElo "2123"]
[PlyCount "50"]
[EventDate "2017.??.??"]

1. Nf3 Nf6 2. c4 c5 3. g3 b6 4. Bg2 Bb7 5. Nc3 e6 6. O-O Be7 7. b3 O-O 8. Bb2
d5 9. cxd5 Nxd5 10. Nxd5 Qxd5 11. d3 Rd8 12. Rc1 Qh5 13. Qc2 Nd7 14. Qb1 Rac8
15. Qa1 Bf6 16. Rc4 b5 17. Rc2 Rc7 18. Rfc1 Rdc8 19. Bxf6 Nxf6 20. Ne5 Bxg2 21.
Kxg2 Nd5 22. a3 f6 23. Nf3 e5 24. Qa2 Qg4 25. e4 Nf4+ 0-1

[Event "SV Ahlen 1 - SV Königsspringer Hamm 1"]
[Site "Regionalliga 2017/2018"]
[Date "2017.10.01"]
[Round "1.2"]
[White "Torres-Kuckel, Rafael"]
[Black "Kauder, Hartmut"]
[Result "1-0"]
[WhiteElo "2097"]
[BlackElo "2127"]
[PlyCount "61"]
[EventDate "2017.??.??"]

1. e4 c5 2. Nf3 Nc6 3. d4 cxd4 4. Nxd4 Nf6 5. Nc3 d6 6. Be2 g6 7. O-O Bg7 8.
Nb3 O-O 9. Re1 a5 10. a4 Be6 11. Bf1 Rc8 12. Bg5 h6 13. Bh4 Ne5 14. Rb1 Bc4 15.
f4 Neg4 16. Bxc4 Rxc4 17. Qe2 Qb6+ 18. Kh1 Rfc8 19. e5 dxe5 20. fxe5 Nxe5 21.
Bf2 Qb4 22. Nd2 Nfg4 23. Nxc4 Nxf2+ 24. Qxf2 Nxc4 25. Nd5 Qc5 26. Nxe7+ Kf8 27.
Nxg6+ Kg8 28. Re8+ Kh7 29. Qxf7 Rxe8 30. Qxe8 Nd6 31. Nf8+ 1-0

[Event "SV Ahlen 1 - SV Königsspringer Hamm 1"]
[Site "Regionalliga 2017/2018"]
[Date "2017.10.01"]
[Round "1.3"]
[White "Schmidt, Ingo"]
[Black "Volesky, Karl-Heinz"]
[Result "1/2-1/2"]
[WhiteElo "1969"]
[BlackElo "2050"]
[PlyCount "76"]
[EventDate "2017.??.??"]

1. e4 c5 2. Nf3 e6 3. d4 cxd4 4. Nxd4 a6 5. c4 Qc7 6. Nc3 Nc6 7. Nxc6 dxc6 8.
Bd3 e5 9. O-O Nf6 10. a3 a5 11. Na4 Be6 12. Be3 c5 13. Nc3 Rd8 14. Nd5 Bxd5 15.
cxd5 Bd6 16. Bb5+ Nd7 17. Qg4 Kf8 18. Bg5 Nf6 19. Qf5 Qe7 20. Rac1 h6 21. Bd2
b6 22. Qf3 g6 23. b4 axb4 24. axb4 Kg7 25. bxc5 Bxc5 26. Bc6 Ne8 27. Ra1 Nd6
28. Ra4 Rc8 29. Rfa1 Rc7 30. g3 f5 31. exf5 Nxf5 32. Ra8 Rxa8 33. Rxa8 Nd4 34.
Qe4 Qf6 35. Be3 Nf3+ 36. Kg2 Ng5 37. Bxg5 hxg5 38. f3 Qf5 1/2-1/2

[Event "SV Ahlen 1 - SV Königsspringer Hamm 1"]
[Site "Regionalliga 2017/2018"]
[Date "2017.10.01"]
[Round "1.4"]
[White "Woestmann, Ulrich"]
[Black "Klaus, Michael"]
[Result "1-0"]
[WhiteElo "1995"]
[BlackElo "1835"]
[PlyCount "55"]
[EventDate "2017.??.??"]

1. e4 e6 2. d4 d5 3. exd5 exd5 4. Nf3 Bd6 5. c4 c6 6. Nc3 Nf6 7. cxd5 cxd5 8.
Bb5+ Bd7 9. O-O O-O 10. Bg5 Qb6 11. Qd3 Bb4 12. Bxf6 Bxc3 13. Bxd7 Nxd7 14. Be7
Rfe8 15. Bc5 Nxc5 16. dxc5 Qxb2 17. Rab1 Qa3 18. Rb3 Qxc5 19. Qxc3 Qxc3 20.
Rxc3 Re7 21. Rd1 Rae8 22. g3 Rd7 23. Nd4 g6 24. Rcd3 a6 25. Nc2 Re2 26. R1d2
Rxd2 27. Rxd2 Kf8 28. Ne3 1-0